| Поле | Инд. | ПП | Название | Значение |
|---|---|---|---|---|
| Тип записи | a | |||
| Библиографический уровень | m | |||
| 001 | Контрольный номер | 029c8992ca814333a1f955c53ce1598e | ||
| 005 | Дата корректировки | 20161118152102.3 | ||
| 008 | Кодируемые данные | 080728 | ||
| 020 | a | ISBN | 5-86947-012-9 | |
| c | Цена, тираж | 180.00 | ||
| 040 | a | Служба первич. каталог. | НБ ТвГУ | |
| 041 | a | Код языка текста | rus | |
| 080 | a | Индекс УДК | 316.3/.4:303.094.6 | |
| 084 | a | Индекс другой классификации/Индекс ББК | С524.19 | |
| a | Индекс другой классификации/Индекс ББК | С033.1 | ||
| 090 | x | Авторский знак | Р35 | |
| a | Полочн. индекс | С524.1 | ||
| 100 | 1_ | a | Автор | Рейзема Ян Вильямович |
| 245 | 00 | a | Заглавие | Цивилизация и хаос |
| b | Продолж. заглавия | социология общего дела: поисковые процессы и системы | ||
| c | Ответственность | Я. В. Сиверц ван Рейзема (А. И. Аргутинский-Долгорукий) | ||
| 260 | 0_ | a | Место издания | Москва |
| b | Издательство | Фонд "Новое тысячелетие" | ||
| c | Дата издания | 2008 | ||
| 300 | a | Объем | 224 с. | |
| b | Иллюстрации/ тип воспроизводства | ил, портр., табл., схемы | ||
| c | Размеры | 22 см | ||
| 504 | a | Библиография | Библиогр. в подстроч. примеч. | |
| 583 | a | Действие | Получение впервые 199 09.2008 | |
| k | Исполнитель действия | Дар РГГУ | ||
| 650 | a | Основная рубрика | Социальное развитие | |
| x | Основная подрубрика | Прогнозирование | ||
| 650 | a | Основная рубрика | Общество | |
| x | Основная подрубрика | Цивилизационный подход | ||
| x | Основная подрубрика | Социальная философия | ||
| 653 | a | Ключевые слова | Социальное развитие | |
| a | Ключевые слова | Прогнозы социального развития | ||
| a | Ключевые слова | Прогнозирование | ||
| a | Ключевые слова | Социальное прогнозирование | ||
| a | Ключевые слова | Социальная философия | ||
| a | Ключевые слова | Цивилизация | ||
| a | Ключевые слова | Хаос | ||
| 700 | 2_ | a | Другие авторы | Сиверц ван Рейзема Ян Вильям см. Рейзема Ян Вильямович |
| e | Роль лиц | авт. | ||
| 700 | 2_ | a | Другие авторы | Аргутинский-Долгорукий Александр Иванович см. Рейзема Ян Вильямович |
| e | Роль лиц | авт. | ||
| 700 | 1_ | a | Другие авторы | Долгорукий Александр Иванович см. Рейзема Ян Вильямович |
| e | Роль лиц | авт. | ||
| 852 | t | Порядковый номер экземпляра | 1 | |
| p | Инвентарный номер | 918094 | ||
| 852 | t | Порядковый номер экземпляра | 1 | |
| p | Инвентарный номер | 918095 | ||
| 852 | t | Порядковый номер экземпляра | 1 | |
| p | Инвентарный номер | 918096 | ||
| 863 | t | 00233947 | ||
| 863 | t | 00233948 | ||
| 863 | t | 00233949 | ||
| 888 | a | Бесплатные | ||
| 952 | p | 199.2008 180.00 1 918094 | ||
| p | 199.2008 180.00 1 918095 | |||
| p | 199.2008 180.00 1 918096 | |||
| c | Вид литературы | К рн | ||
| 954 | a | Дата поступления на обработку | 20081231 | |
| 999 | a | Подразделение 2 | аб. | |
| a | Подразделение 2 | ч.з. | ||
| a | Подразделение 2 | Фил3 |